| 000 | 00648nam a22002052 4500 | ||
|---|---|---|---|
| 001 | 0000024869 | ||
| 005 | 20151217152306.0 | ||
| 008 | 140320s xx 000 0 eng d | ||
| 020 | _a1259071003 : | ||
| 040 |
_aKABU _cKABU |
||
| 245 | 1 | 0 |
_aFinancial & managerial accounting : _bthe basis for business decisions / _cJan R. Williams ... [et al.]. |
| 250 | _a16th ed. | ||
| 260 |
_aNew York : _bMcGraw-Hill, _c2013. |
||
| 300 | _a1 v. (various pagings) ; | ||
| 650 | 0 |
_aAccounting. _@0000148321 |
|
| 700 | 1 |
_aWilliams, Jan R. _@0000167605 |
|
| 852 | 1 | _9p4340 KES | |
| 908 | _a140320 | ||
| 950 | _@1 | ||
| 999 |
_c10399 _d10399 |
||